| 000 | 00919cab a2200289 4500 | ||
|---|---|---|---|
| 001 | ABS51917 | ||
| 008 | 090401t1994 xxu||||| |||| 00| 0 eng d | ||
| 035 | _a(Sirsi) u50610 | ||
| 041 | _aeng | ||
| 100 | _aShiem-Shin, D. | ||
| 245 | _aAsset management and maintenance | ||
| 260 | _c1994 | ||
| 350 | _a0 | ||
| 490 |
_aFacilities Management _v2(2) December 1994, 10-12(3) |
||
| 520 | _aDescribes the role of asset maintenance in business, the determination of the standard of care and its incorporation into business operations and policies. | ||
| 650 | _aASSET MAINTENANCE | ||
| 650 | _aASSET MANAGEMENT | ||
| 650 | _aCORPORATE POLICIES | ||
| 650 |
_aFACILITIES MANAGEMENT _96240 |
||
| 650 |
_aRefurbishment _96264 |
||
| 650 | _aPERFORMANCE | ||
| 650 | _aPLANNED MAINTENANCE | ||
| 650 |
_aProperty management _96262 |
||
| 690 | _aCOMMERCIAL PROPERTY-MANAGEMENT | ||
| 942 | _n0 | ||
| 948 | _c04/03/1997 | ||
| 999 |
_c31582 _d31582 |
||